100 meilleurs joueurs de FIFA 15 - Statistiques

Statistiques générales
  • Ce quiz a été pris 165 fois
  • Le résultat moyen est 61 sur 100
Statistiques - réponses
Poste Club Nationalité Note Réponse % Correct
AT FC Barcelone Argentine 93 Lionel Messi
99%
AG Real Madrid Portugal 92 Cristiano Ronaldo
98%
BU FC Barcelone Uruguay 89 Luis Suarez
93%
G Bayern Munich Allemagne 90 Manuel Neuer
93%
BU PSG Suède 90 Zlatan Ibrahimovic
93%
MC FC Barcelone Espagne 89 Andres Iniesta
92%
MG Bayern Munich France 88 Franck Ribery
91%
MD Bayern Munich Pays Bas 90 Arjen Robben
90%
MG Chelsea Belgique 88 Eden Hazard
90%
BU PSG Uruguay 86 Edinson Cavani
89%
MC Real Madrid Croatie 87 Luka Modric
89%
DC Real Madrid Espagne 87 Sergio Ramos
88%
MG Manchester City Espagne 87 David Silva
87%
MD Real Madrid Pays de Galles 87 Gareth Bale
87%
AG FC Barcelone Brésil 87 Neymar
87%
DC PSG Brésil 87 Thiago Silva
87%
BU Manchester United Pays Bas 88 Robin van Persie
86%
MOC Real Madrid Colombie 86 James Rodriguez
84%
BU Manchester United Colombie 88 Radamel Falcao
84%
BU Bayern Munich Pologne 87 Robert Lewandowski
83%
BU Manchester City Argentine 87 Sergio Aguero
81%
BU Real Madrid France 85 Karim Benzema
80%
MC FC Barcelone Espagne 86 Xavi
80%
G Tottenham France 85 Hugo Lloris
76%
MC Real Madrid Allemagne 85 Toni Kroos
76%
MOC Arsenal Allemagne 86 Mesut Ozil
75%
MC Manchester City Côte d'Ivoire 86 Yaya Touré
74%
MC Bayern Munich Chili 85 Arturo Vidal
71%
MDC FC Barcelone Espagne 85 Sergio Busquets
71%
G Chelsea Belgique 86 Thibaut Courtois
71%
G Chelsea République Tchèque 85 Petr Cech
70%
AD Arsenal Chili 85 Alexis Sanchez
69%
MG Borussia Dortmund Allemagne 86 Marco Reus
69%
DC Manchester City Belgique 86 Vincent Kompany
69%
BU - Manchester United Angleterre 86 Wayne Rooney
69%
MC Bayern Munich Allemagne 88 Bastian Schweinsteiger
67%
G Manchester United Espagne 85 David De Gea
67%
DC Borussia Dortmund Allemagne 86 Mats Hummels
67%
MC Juventus France 84 Paul Pogba
67%
DC Real Madrid Portugal 83 Pepe
67%
MD Bayern Munich Allemagne 86 Thomas Muller
67%
DC FC Barcelone Espagne 84 Gerard Pique
66%
MOC PSG Argentine 86 Angel Di Maria
65%
CM Juventus Italie 84 Andrea Pirlo
64%
DD FC Barcelone Brésil 83 Dani Alves
64%
DC Juventus Italie 84 Giorgio Chiellini
62%
MOC Danemark Tottenham 84 Christian Eriksen
61%
BU Chelsea Espagne 86 Diego Costa
61%
DC Atletico Madrid Uruguay 84 Diego Godin
61%
BU Naples Argentine 84 Gonzalo Higuain
61%
MDC Bayern Munich Allemagne 87 Philipp Lahm
61%
MOC FC Barcelone Croatie 83 Ivan Rakitic
60%
MG Manchester City France 84 Samir Nasri
60%
MDC PSG France 83 Blaise Matuidi
59%
G Real Madrid Espagne 84 Iker Casillas
59%
DC FC Barcelone Argentine 83 Javier Mascherano
59%
DC Bayern Munich Allemagne 86 Jerome Boateng
59%
BU Juventus Argentine 85 Carlos Tévez
58%
MOC Manchester United Espagne 85 Juan Mata
57%
MOC Chelsea Brésil 84 Oscar
57%
G PSG Italie 84 Salvatore Sirigu
57%
G Saint Etienne France 84 Stephane Ruffier
57%
G FC Barcelone Chili 83 Claudio Bravo
56%
BU Manchester City Bosnie 83 Edin Dzeko
56%
DC Bayern Munich Espagne 85 Javi Martinez
56%
MDC Real Madrid Allemagne 84 Sami Khedira
56%
MOC Galatasaray Pays Bas 84 Wesley Sneijder
56%
LM Atletico Madrid Turquie 84 Arda Turan
55%
MOC Real Madrid Espagne 84 Isco
55%
AG FC Barcelone Espagne 83 Pedro
54%
MC Arsenal Pays de Galles 83 Aaron Ramsey
53%
MC AS Rome Bosnie 83 Miralem Pjanic
53%
BU Atletico Madrid Croatie 83 Mario Mandzukic
51%
MDC AS Rome Italie 84 Daniele De Rossi
50%
MOC Bayern Munich Allemagne 86 Mario Gotze
50%
DC Bayern Munich Maroc 84 Medhi Benatia
50%
G Inter Milan Slovénie 84 Samir Handanovic
50%
MDC Bayern Munich Espagne 85 Xabi Alonso
50%
DC Chelsea Angleterre 83 John Terry
49%
MOC Naples Slovaquie 83 Marek Hamsik
48%
MC Chelsea Espagne 85 Cesc Fabregas
47%
AD Zenit St Pétersbourg Brésil 83 Hulk
47%
MD Fiorentina Colombie 83 Juan Cuadrado
47%
MC AS Monaco Portugal 83 João Moutinho
44%
MC Juventus Italie 83 Claudio Marchisio
43%
DC Juventus Italie 83 Andrea Barzagli
42%
DC Arsenal Allemagne 83 Per Mertesacker
40%
BU Schalke 04 Pays Bas 84 Klaas Jan Huntelaar
39%
BU Liverpool Angleterre 83 Daniel Sturridge
36%
MD Manchester City Espagne 83 Jesus Navas
36%
MG Arsenal Espagne 84 Santi Cazorla
33%
DC Atletico Madrid Brésil 83 Miranda
29%
MC Borussia Dortmund Allemagne 83 Ilkay Gundogan
24%
MDC AS Monaco France 83 Jeremy Toulalan
22%
DC Inter Milan Serbie 83 Nemanja Vidic
22%
G Borussia Dortmund Allemagne 83 Roman Weidenfeller
21%
MD Schalke 04 Pérou 83 Jefferson Farfan
17%
BU Valence Espagne 83 Alvaro Negredo
12%
DC Zenit St Pétersbourg Argentine 83 Ezequiel Garay
11%
AD Lazio Rome Italie 83 Antonio Candreva
10%
Aucun quiz correspondant
Distribution des résultats
% des personnes avec chaque résultat
Percentile par nombre de réponses
Votre historique - résultats
Vous n’avez pas pris ce quiz